Autem po Europě. 40 států
Guardado en:
| Autor principal: | |
|---|---|
| Formato: | Libro |
| Lenguaje: | checo |
| Publicado: |
Praha :
Computer Press,
2000
|
| Etiquetas: |
Sin Etiquetas, Sea el primero en etiquetar este registro!
|
MARC
| LEADER | 00000nam a22000003a 4500 | ||
|---|---|---|---|
| 001 | stu61242 | ||
| 005 | 20150617225650.5 | ||
| 008 | 010919s2000----xr------------------cze-d | ||
| 020 | |a 80-7226-304-8 | ||
| 040 | |a STU |b slo | ||
| 041 | 0 | |a cze | |
| 044 | |a xr | ||
| 080 | |a 912(437) | ||
| 080 | |a 625.7 | ||
| 100 | 1 | |a Kratochvíl, Petr |4 aut | |
| 245 | 1 | |a Autem po Europě. 40 států | |
| 260 | |a Praha : |b Computer Press, |c 2000 | ||
| 300 | |a 388 s | ||
| 996 | |b 284EK84030 |c E*84030 |l EELSDV |s P |a 0 |w stu61242_0001 | ||